Guess the Disney Descendants song with no hints - Statistics

General Stats
  • This quiz has been taken 1,552 times
  • The average score is 243 of 430
Answer Stats
Answer % Correct
I
94%
a
88%
me
82%
the
80%
The
80%
on
78%
be
76%
my
75%
My
75%
to
73%
it
72%
of
72%
if
70%
If
70%
when
70%
When
70%
And
69%
and
69%
He
69%
in
66%
mean
66%
no
66%
Where
66%
where
66%
who
66%
queen
65%
Queen
65%
so
65%
So
65%
I’m
64%
it’s
63%
It’s
63%
that
63%
That
63%
all
61%
All
61%
for
61%
like
60%
rule
60%
what
60%
bad
59%
name
59%
was
59%
as
58%
never
58%
her
57%
this
57%
This
57%
time
56%
happy
55%
ending
54%
is
54%
Is
54%
mine
54%
now
54%
Now
54%
finally
53%
have
53%
Then
53%
tired
53%
But
52%
pretending
52%
they
52%
thought
52%
will
52%
followed
51%
only
51%
rules
51%
there’s
51%
There’s
51%
wasn’t
51%
Where’s
51%
anything
50%
between
50%
called
50%
inside
50%
lines
50%
asked
49%
calling
49%
came
49%
can’t
49%
drew
49%
Evil
49%
know
49%
used
49%
wait
49%
are
48%
dark
48%
devil
48%
I’d
48%
shoulder
48%
always
47%
am
47%
angels
47%
brain
47%
feel
47%
myself
47%
waited
47%
pain
45%
veins
45%
want
45%
patiently
44%
Cause
43%
blame
42%
overwhelming
42%
exactly
41%
leader
41%
train
40%
with
40%
broken
39%
Your
39%
circle
38%
deserve
38%
frame
38%
last
38%
picture
38%
toy
38%
wicked
38%
world
38%
one
37%
perfect
37%
gonna
36%
let
36%
running
36%
been
35%
I’ve
35%
thoughts
35%
he’s
34%
hurt
33%
They’re
33%
nice
32%
turn
32%
back
31%
Being
31%
would
31%
kinda
30%
take
30%
them
30%
skin
29%
wanna
29%
burns
28%
ever
28%
I’ll
28%
show
28%
watch
28%
advantage
27%
anger
27%
Just
27%
person
27%
another
26%
dream
26%
endless
26%
magnetic
26%
villain
26%
princess
25%
ruler
25%
Sit
25%
won’t
25%
you’re
25%
bow
24%
fall
23%
pastime
23%
reign
23%
seen
23%
body
22%
learn
22%
pulling
22%
than
22%
nightmare’s
21%
third-degree
21%
close
20%
getting
20%
nobody
20%
nothing
20%
showing
20%
until
20%
blood’s
19%
boiling
19%
headed
19%
hotter
19%
interest
19%
left
19%
moving
19%
senses
19%
means
18%
sea
18%
they’ve
18%
lonely
17%
lose
17%
schemes
17%
Something’s
17%
defenseless
16%
friendless
16%
price
16%
Unsure
16%
darkness
15%
devil’s
15%
expensive
15%
fiery
15%
pay
15%
willing
15%
promising
14%
around
13%
vengeance
13%
No matching quizzes found
Score Distribution
Percent of People with Each Score
Percentile by Number Answered
Your Score History
You have not taken this quiz